000 00645nam a2200217Ia 4500
001 599
003 GE_BSU
008 181216s||||||||xx |||||||||||||| ||und||
040 _cGE_BSU
080 _a1
100 _aთეიჩმანი,ჯენი;ევანსი,ქეთრინ
245 _aფილოსოფია
245 _bსახელმძღვანელო დამწყებთათვის
245 _cრედ.ოთარ ჯიოთი
260 _aთბილისი
260 _c2000
300 _a279გვ.
541 _h8ლ.
653 _aფილოსოფია
942 _cBK
999 _c34789
_d34789